Alexander the Corrector (Record no. 1135)

000 -LEADER
fixed length control field 00589nam a22002177a 4500
003 - CONTROL NUMBER IDENTIFIER
control field OSt
005 - DATE AND TIME OF LATEST TRANSACTION
control field 20210426122356.0
008 - FIXED-LENGTH DATA ELEMENTS--GENERAL INFORMATION
fixed length control field 210203s2005 ||||| |||| 00| 0 eng d
020 ## - INTERNATIONAL STANDARD BOOK NUMBER
International Standard Book Number 0007131968
040 ## - CATALOGING SOURCE
Original cataloging agency eng
Language of cataloging eng
Transcribing agency DLC
041 ## - LANGUAGE CODE
Language code of text/sound track or separate title eng
080 ## - UNIVERSAL DECIMAL CLASSIFICATION NUMBER
Universal Decimal Classification number 94
Item number K-27
100 ## - MAIN ENTRY--PERSONAL NAME
9 (RLIN) 764
Personal name Keay, Julia
245 ## - TITLE STATEMENT
Title Alexander the Corrector
Remainder of title : The Tormented Genius Who Unwrote the Bible
Statement of responsibility, etc. / by: Harper Perennial
260 ## - PUBLICATION, DISTRIBUTION, ETC.
Place of publication, distribution, etc. London
Name of publisher, distributor, etc. Harper Perennial
Date of publication, distribution, etc. 2005
300 ## - PHYSICAL DESCRIPTION
Extent 269 p.
Other physical details ill.
365 ## - TRADE PRICE
Price amount 28.20 usd
650 #0 - SUBJECT ADDED ENTRY--TOPICAL TERM
9 (RLIN) 252
Topical term or geographic name entry element History
653 ## - INDEX TERM--UNCONTROLLED
Uncontrolled term ისტორია
942 ## - ADDED ENTRY ELEMENTS (KOHA)
Source of classification or shelving scheme
Koha item type Books
Holdings
Withdrawn status Lost status Source of classification or shelving scheme Damaged status Not for loan Permanent location Current location Date acquired Inventory number Total Checkouts Full call number Barcode Date last seen Price effective from Koha item type
          Ken Walker International University Ken Walker International University 02/03/2021 475   94 K-27 475 02/03/2021 02/03/2021 Books

Powered by Koha